Normal view
MARC view
Entry Personal Name
001 - CONTROL NUMBER
- control field: 5395
003 - CONTROL NUMBER IDENTIFIER
- control field: BD-RjUL
005 - DATE AND TIME OF LATEST TRANSACTION
- control field: 20221023095807.0
008 - FIXED-LENGTH DATA ELEMENTS
- fixed length control field: 221023|| aca||aabn | a|a d
040 ## - CATALOGING SOURCE
- Original cataloging agency: BD-RjUL
- Transcribing agency: BD-RjUL
100 ## - HEADING--PERSONAL NAME
- Personal name: Levy, Reuben
670 ## - SOURCE DATA FOUND
- Source citation: Work cat.: (BD-RjUL)80585: ابن الاخوة، محمد بن محمد، # # Ibn al-Ukhūwah, Muḥammad ibn Muḥammad, 1250 or 1251-1329. 5387, معالم القربة في احكام الحسبة / # # Maʻālim al-qurbah fī aḥkām al-ḥisbah /, 1938.